000 00629nam a2200277Ia 4500
005 20260324133154.0
008 008 260324s9999 xx 000 0 eng d
020 _a9780429237089
037 _aEBOOK
040 _aCRL
040 _beng
040 _cCRL
041 _2eng
041 _aeng
084 _qCRL
100 _aDale Coye
_91192068
245 0 _aPronouncing Shakespeare's Words
260 _bTaylor and Francis
260 _c2003
365 _a
365 _b230
856 _uhttp://www.taylorfrancis.com/books/9780429237089
942 _cEBOOK
999 _c1790885
_d1790885